00679nam a22001817a 450000500170000000800410001702000180005804100080007608200240008410000150010824500910012326000460021430000090026050000280026994200070029799900190030495201740032320250402145623.0250402b |||||||| |||| 00| 0 eng d a9789392510618 aeng a001.954bDAS B22478 aDasgupta S aA History of Indian Philosophy :bPrincipal Dualistic and Pluralistic Systems, Vol.III aDelhi bMotilal Banarsidass International a614p aIndian Knowledge System cBK c365860d365860 00102ddc4070aHIMRbHIMRd2025-01-20eForward Books g650.00i24325 l0o001.954 DAS B22478pHIMR-BK-22478r2025-04-02 00:00:00t27v474.50w2025-01-18yBKzB22478